000 00414nam a22001697a 4500
003 OSt
005 20211029145553.0
008 211029b |||||||| |||| 00| 0 eng d
020 _a0-7817-1731-0
040 _aDDC
_cHU
082 _21
_a615.1
_b5
100 _aKarch, Amy M.
_916320
245 _aLIPPINCOTTS Nursing Drug Guide
250 _a1
260 _aPhiladelphia
_bLippincott
_c1999
942 _2ddc
_cBOOKS
_n0
999 _c15888
_d15888